| 000 | 00815cam a22002411 4500 | ||
|---|---|---|---|
| 001 | sa 68010474 | ||
| 003 | DLC | ||
| 005 | 20260227112552.0 | ||
| 008 | 850109s1968 ii b 001 0 eng | ||
| 010 | _asa 68010474 | ||
| 035 | _a(OCoLC)13465801 | ||
| 040 |
_aDLC _cRPB _dDLC |
||
| 042 | _apremarc | ||
| 050 | 0 | 0 |
_aHD874 _b.M6 1968 |
| 100 | 1 |
_aMoreland, W. H. _q(William Harrison), _d1868-1938. |
|
| 245 | 1 | 4 |
_aThe agrarian system of Moslem India; _ba historical essay with appendices / _cby W. H. Moreland. |
| 250 | _a[2d ed.] | ||
| 260 |
_aDelhi, _bOriental Books Reprint Corp. ; _bexclusively distributed by Munshiram Manoharlal _c[1968] |
||
| 300 |
_axvii, 296 p. _c23 cm. |
||
| 504 | _aBibliography: p. 280-283. | ||
| 650 | 0 |
_aLand tenure _zIndia _xHistory. |
|
| 650 | 0 |
_aLand value taxation _zIndia _xHistory. |
|
| 999 |
_c83404 _d83404 |
||